| 000 | 00710nam a2200217Ia 4500 | ||
|---|---|---|---|
| 003 | IN-BaIIA | ||
| 008 | 211028s9999 xx 000 0 eng d | ||
| 040 | _cIIA Library | ||
| 080 |
_a535.375.5 _bCOL |
||
| 100 |
_aColthup, N. B. _95171 |
||
| 245 | 0 |
_aIntroduction to infrared and Raman spectroscopy _cColthup N. B., L. H. Day and S .E. Wiberley |
|
| 260 |
_aNew York _bAcademic Press _c1964 |
||
| 300 | _axii, 511p. | ||
| 650 | _aAstronomy and astrophysics thesaurus | ||
| 650 | _aInfrared spectroscopy | ||
| 650 |
_aRaman spectroscopy _95172 |
||
| 650 |
_aSpectroscopy _91535 |
||
| 700 |
_aDay, L. H. _95173 |
||
| 700 |
_aWiberley, S .E. _95174 |
||
| 942 | _cBK | ||
| 999 |
_c2895 _d2895 |
||